Statistics for MotoGP Podium Finishers

Click here to take the quiz!

General Stats

  • This quiz has been taken 37 times
    (3 since last reset)
  • The average score is 51 of 277

Answer Stats

PodiumsRiderCountry% Correct
11Aleix EspargaróSpain
100%
4Álex MárquezSpain
100%
18Álex RinsSpain
100%
11Brad BinderSouth Africa
100%
69Casey StonerAustralia
100%
112Dani PedrosaSpain
100%
31Fabio QuartararoFrance
100%
2Graziano RossiItaly
100%
23Jack MillerAustralia
100%
13Joan MirSpain
100%
21Johann ZarcoFrance
100%
114Jorge LorenzoSpain
100%
19Jorge MartínSpain
100%
2Léon MartinBelgium
100%
103Marc MárquezSpain
100%
28Nicky HaydenUnited States
100%
8Pol EspargaróSpain
100%
199Valentino RossiItaly
100%
1Alex de AngelisSan Marino
67%
62Andrea DoviziosoItaly
67%
40Barry SheeneUnited Kingdom
67%
19Cal CrutchlowUnited Kingdom
67%
10Danilo PetrucciItaly
67%
2Fabio Di GiannantonioItaly
67%
38Francesco BagnaiaItaly
67%
6Franco MorbidelliItaly
67%
88Giacomo AgostiniItaly
67%
39Kenny RobertsUnited States
67%
22Kenny Roberts Jr.United States
67%
2Luca MariniItaly
67%
9Marco BezzecchiItaly
67%
2Marco SimoncelliItaly
67%
58Max BiaggiItaly
67%
95Mick DoohanAustralia
67%
7Miguel OliveiraPortugal
67%
48Mike HailwoodUnited Kingdom
67%
17Norifumi AbeJapan
67%
2Pedro AcostaSpain
67%
34Phil ReadUnited Kingdom
67%
30Sete GibernauSpain
67%
52Wayne GardnerAustralia
67%
64Wayne RaineyUnited States
67%
1Akira RyōJapan
33%
32Alex BarrosBrazil
33%
51Àlex CrivilléSpain
33%
3Álvaro BautistaSpain
33%
6Ben SpiesUnited States
33%
1Bill SmithUnited Kingdom
33%
2Bradley SmithUnited Kingdom
33%
24Carlos ChecaSpain
33%
7Chris VermeulenAustralia
33%
12Colin EdwardsUnited States
33%
2Daijiro KatoJapan
33%
1Doriano RomboniItaly
33%
78Eddie LawsonUnited States
33%
11Enea BastianiniItaly
33%
11Franco UnciniItaly
33%
10Garry McCoyAustralia
33%
11Gary HockingRhodesia
33%
5Gyula MarsovszkySwitzerland
33%
2Jarno SaarinenFinland
33%
2Jeremy McWilliamsUnited Kingdom
33%
4John HopkinsUnited States
33%
19John KocinskiUnited States
33%
8Johnny CecottoVenezuela
33%
24John SurteesUnited Kingdom
33%
1Jonas FolgerGermany
33%
1Katsuyuki NakasugaJapan
33%
1Keith BryenAustralia
33%
51Kevin SchwantzUnited States
33%
42Loris CapirossiItaly
33%
24Luca CadaloraItaly
33%
5Makoto TamadaJapan
33%
18Marco LucchinelliItaly
33%
20Marco MelandriItaly
33%
35Maverick ViñalesSpain
33%
4Nobuatsu AokiJapan
33%
1Olivier JacqueFrance
33%
2Randy de PunietFrance
33%
54Randy MamolaUnited States
33%
2Régis LaconiFrance
33%
1Renzo PasoliniItaly
33%
1Rubén XausSpain
33%
2Scott ReddingUnited Kingdom
33%
3Shinya NakanoJapan
33%
1Stefan BradlGermany
33%
21Tadayuki OkadaJapan
33%
4Takuma AokiJapan
33%
2Tetsuya HaradaJapan
33%
10Tohru UkawaJapan
33%
6Toni ElíasSpain
33%
5Troy BaylissAustralia
33%
4Alan BarnettUnited Kingdom
0%
9Alan ShepherdUnited Kingdom
0%
13Alberto PaganiItaly
0%
5Alberto PuigSpain
0%
1Alex GeorgeUnited Kingdom
0%
9Alfredo MilaniItaly
0%
3Alistair KingUnited Kingdom
0%
11Andrea IannoneItaly
0%
7Angelo BergamontiItaly
0%
1Antoine PabaFrance
0%
6Arciso ArtesianiItaly
0%
1Armando ToraccaItaly
0%
2Artie BellUnited Kingdom
0%
1Barry RandleUnited Kingdom
0%
3Benedicto CaldarellaArgentina
0%
2Bert SchneiderAustria
0%
5Bill DoranUnited Kingdom
0%
1Billie GuthrieUnited Kingdom
0%
4Billie NelsonUnited Kingdom
0%
2Bill LomasUnited Kingdom
0%
1Bob AndersonUnited Kingdom
0%
9Bob BrownAustralia
0%
8Bob McIntyreUnited Kingdom
0%
4Boet van DulmenNetherlands
0%
2Bo GranathSweden
0%
1Bohumil StašaCzech Republic
0%
1Brian BallUnited Kingdom
0%
1Brian SteensonUnited Kingdom
0%
5Bruno KneubühlerSwitzerland
0%
1Bruno SpaggiariItaly
0%
1Buddy ParriottUnited States
0%
7Carlo BandirolaItaly
0%
1Charlie SanbyUnited Kingdom
0%
1Charlie WilliamsUnited Kingdom
0%
4Chas MortimerUnited Kingdom
0%
2Chris ConnUnited Kingdom
0%
2Christian BourgeoisFrance
0%
1Christian RavelFrance
0%
16Christian SarronFrance
0%
2Cromie McCandlessUnited Kingdom
0%
1Dan ShoreyUnited Kingdom
0%
14Daryl BeattieAustralia
0%
4Dave SimmondsUnited Kingdom
0%
1Dennis IrelandNew Zealand
0%
6Derek MinterUnited Kingdom
0%
2Derek WoodmanUnited Kingdom
0%
2Dick CreithUnited Kingdom
0%
5Dickie DaleUnited Kingdom
0%
2Didier de RadiguèsBelgium
0%
1Dieter BraunGermany
0%
6Doug ChandlerUnited States
0%
1Eddie GrantSouth Africa
0%
1Edmund CzihakGermany
0%
1Eduardo SalatinoArgentina
0%
1Ellis BoyceUnited Kingdom
0%
3Emilio MendogniItaly
0%
3Enrico LorenzettiItaly
0%
3Eric OffenstadtFrance
0%
1Ernie LyonsIreland
0%
2Ernst HillerGermany
0%
3Fergus AndersonUnited Kingdom
0%
4Franck PerrisUnited Kingdom
0%
1Franco TrabalziniItaly
0%
1Frank GrossFrance
0%
5František ŠťastnýCzech Republic
0%
31Freddie SpencerUnited States
0%
5Fred StevensUnited Kingdom
0%
1Gary LinghamUnited Kingdom
0%
32Geoff DukeUnited Kingdom
0%
7Gianfranco BoneraItaly
0%
1Gianpiero ZubaniItaly
0%
1Gilberto MilaniItaly
0%
5Ginger MolloyNew Zealand
0%
1Giuseppe ColnagoItaly
0%
1Giuseppe MandoliniItaly
0%
2Godfrey NashUnited Kingdom
0%
9Graeme CrosbyNew Zealand
0%
1Guido MandracciItaly
0%
1Hans-Günter JägerGermany
0%
2Harold DaniellUnited Kingdom
0%
1Harry HintonAustralia
0%
1Helmut KassnerGermany
0%
5Hideo KanayaJapan
0%
1Hiroyuki KawasakiJapan
0%
1Ian RichardsUnited Kingdom
0%
7Jack AhearnAustralia
0%
6Jack BrettUnited Kingdom
0%
24Jack FindlayAustralia
0%
4Jack MiddelburgNetherlands
0%
1Jacques CollotFrance
0%
1Jean-Philippe RuggiaFrance
0%
2Jim RedmanRhodesia
0%
1Joe DunphyUnited Kingdom
0%
2John CooperUnited Kingdom
0%
3John DoddsAustralia
0%
17John HartleUnited Kingdom
0%
2John NewboldUnited Kingdom
0%
3Johnny LockettUnited Kingdom
0%
3John WilliamsUnited Kingdom
0%
2Jorge KisslingArgentina
0%
2Juan Carlos SalatinoArgentina
0%
1Juan GarrigaSpain
0%
1Kaarlo KoivuniemiFinland
0%
1Karl AuerAustria
0%
1Karl HoppeGermany
0%
1Keith CampbellAustralia
0%
3Keith TurnerNew Zealand
0%
1Kenny BlakeAustralia
0%
3Kevin MageeAustralia
0%
9Kev KananaghAustralia
0%
6Kim NewcombeNew Zealand
0%
2Kork BallingtonSouth Africa
0%
8Leslie GrahamUnited Kingdom
0%
8Libero LiberatiItaly
0%
1Loris ReggianiItaly
0%
1Malcolm UphillUnited Kingdom
0%
1Marcel AnkonéNetherlands
0%
1Martin CarneyUnited Kingdom
0%
1Michael RudroffGermany
0%
1Michel FrutschiSwitzerland
0%
1Michel RougerieFrance
0%
2Mick GrantUnited Kingdom
0%
6Mike BaldwinUnited States
0%
5Mike DuffCanada
0%
9Nello PaganiItaly
0%
7Niall McKenzieUnited Kingdom
0%
1Noriyuki HagaJapan
0%
8Paddy DriverSouth Africa
0%
12Pat HennenUnited States
0%
1Paul EicklebergGermany
0%
1Pentti KorhonenFinland
0%
2Percy TaitUnited Kingdom
0%
1Peter MurphyNew Zealand
0%
9Peter WilliamsUnited Kingdom
0%
1Phil CarpenterUnited Kingdom
0%
2Philippe CoulonSwitzerland
0%
3Pierfrancesco ChiliItaly
0%
5Pierre MonneretFrance
0%
7Ray AmmRhodesia
0%
11Raymond RocheFrance
0%
16Reg ArmstrongIreland
0%
11Remo VenturiItaly
0%
5Rob BronNetherlands
0%
1Roberto GallinaItaly
0%
1Robin FittonUnited Kingdom
0%
1Rod ColemanNew Zealand
0%
3Rodney GouldUnited Kingdom
0%
1Roger BeaumontCanada
0%
1Ron ChandlerUnited Kingdom
0%
9Ron HaslamUnited Kingdom
0%
1Sante GerminianiItaly
0%
2Scott RussellUnited States
0%
6Shinichi ItoJapan
0%
1Sid LawtonUnited Kingdom
0%
1Silvano BertarelliItaly
0%
1Silvio GrassettiItaly
0%
1Simon BuckmasterUnited Kingdom
0%
3Simon CrafarNew Zealand
0%
7Steve BakerUnited States
0%
3Steve EllisUnited Kingdom
0%
1Steve ManshipUnited Kingdom
0%
1Steve ParrishUnited Kingdom
0%
1Steve SpencerUnited Kingdom
0%
1Stuart GrahamUnited Kingdom
0%
1Sven-Olof GunnarssonSweden
0%
1Tadahiko TairaJapan
0%
8Takazumi KatayamaJapan
0%
1Takumi ItoJapan
0%
1Ted FrendUnited Kingdom
0%
1Terry ShepherdUnited Kingdom
0%
11Teuvo LänsivuoriFinland
0%
1Tom DickieUnited Kingdom
0%
3Tom HerronUnited Kingdom
0%
4Tommy RobbUnited Kingdom
0%
1Tommy WoodUnited Kingdom
0%
1Tom PhillisAustralia
0%
1Tony GodfreyUnited Kingdom
0%
1Tony RutterUnited Kingdom
0%
17Umberto MassettiItaly
0%
10Virginio FerrariItaly
0%
1Walter KaletschGermany
0%
1Walter ScheimannGermany
0%
5Walter ZellerGermany
0%
2Werner GigerSwitzerland
0%
11Wil HartogNetherlands
0%

Score Distribution

Percentile by Number Answered

Percent of People with Each Score

Your Score History

You have not taken this quiz since the last reset